Statistics for Charles Bronson Filmography

Click here to take the quiz!

General Stats

  • This quiz has been taken 48 times
    (31 since last reset)
  • The average score is 22 of 172

Answer Stats

TypeYearName% Correct
Film1974Death Wish
100%
Film1985Death Wish 3
100%
Film1987Death Wish 4: The Crackdown
100%
Film1982Death Wish II
100%
Film1994Death Wish V: The Face of Death
100%
Film1974Mr. Majestyk
88%
Film1967The Dirty Dozen
88%
Film1963The Great Escape
88%
Film1972Chato's Land
75%
Film1976From Noon till Three
75%
Film1975Hard Times
75%
Film1960The Magnificent Seven
75%
Film1972The Mechanic
75%
Film1970Cold Sweat
63%
Film1980Borderline
50%
Film1975Breakout
50%
Commercial1957General Electric Batteries
50%
Film1958Machine-Gun Kelly
50%
Film1989Kinjite: Forbidden Subjects
38%
Film1986Murphy's Law
38%
Film1968Once Upon a Time in the West
38%
Film1984The Evil That Men Do
38%
TV Show1961The Twilight Zone
38%
Film1972The Valachi Papers
38%
Film198310 to Midnight
25%
Film1954Apache
25%
TV Show1964Bonanza
25%
Film1973Chino
25%
Film1981Death Hunt
25%
Film1956Jubal
25%
Film1979Love and Bullets
25%
Film1971Red Sun
25%
TV Show1952, 1953The Doctor
25%
Film1977The White Buffalo
25%
Film1954Vera Cruz
25%
Film1970Violent City
25%
Film19634 for Texas
13%
Film1968Adieu I'ami
13%
Film1965Battle of the Bulge
13%
Film1975Breakheart Pass
13%
Film1954Crime Wave
13%
TV Film1995Family of Cops
13%
TV Film1999Family of Cops 3: Under Suspicion
13%
Film1968Guns for San Sebastian
13%
TV Show1957-1963Have Gun - Will Travel
13%
Film1962Kid Galahad
13%
Film1961Master of the World
13%
TV Show1965Rawhide
13%
Film1970Rider on the Rain
13%
Film1957Run of the Arrow
13%
Film1991The Indian Runner
13%
Film1965The Sandpiper
13%
Film1973The Stone Killer
13%
Film1966This Property Is Condemned
13%
TV Film1991Yes Virginia, There Is a Santa Claus
13%
TV Film1986Act of Vengeance
0%
TV Show1961Adventures in Paradise
0%
TV Special1989America's All-Star Tribute to Elizabeth Taylor
0%
Film1987Assassination
0%
Film1961A Thunder of Drums
0%
Film1952Battle Zone
0%
TV Show1952Biff Baker, U.S.A.
0%
Film1955Big House, U.S.A.
0%
Film1952Bloodhounds of Broadway
0%
TV Film1997Breach of Faith: A Family of Cops 2
0%
Film1980Caboblanco
0%
TV Show1961Cain's Hundred
0%
TV Documentary1980Catastrophe: No Safe Place
0%
TV Show1955Cavalcade of America
0%
TV Documentary2020Charles Bronson: Hollywood's Lone Wolf
0%
TV Show1953Chevron Theatre
0%
TV Show1957Colt .45
0%
TV Show1965Combat!
0%
TV Show1955, 1956Crusader
0%
Film1952Diplomatic Courier
0%
TV Film1993Donato and Daughter
0%
TV Show1963Dr. Kildare
0%
Film1954Drum Beat
0%
TV Show1967Dundee and the Culhane
0%
TV Show1962-1963Empire
0%
Radio Series1956Family Theater of the Air
0%
TV Show1949Fireside Theatre
0%
TV Show1953Four Star Playhouse
0%
Film1958Gang War
0%
TV Show1955, 1956, 1961General Electric Theater
0%
TV Show1956, 1958Gunsmoke
0%
Film1965Guns of Diablo
0%
TV Short1956Have Camera Will Travel
0%
TV Show1960, 1961Hennessey
0%
TV Show1957Hey, Jeannie!
0%
Film1953House of Wax
0%
TV Show1960, 1961Laramie
0%
Film1969Lola
0%
TV Show1955Luke and the Tenderfoot
0%
TV Show1955Lux Video Theatre
0%
Commercial1970sMandom Cologne
0%
TV Show1958-1960Man with a Camera
0%
TV Show1954, 1956Medic
0%
Film1988Messenger of Death
0%
Film1953Miss Sadie Thompson
0%
TV Show1958M Squad
0%
Film1952My Six Convicts
0%
Film1959Never So Few
0%
Film1953Off Limits
0%
TV Show1961One Step Beyond
0%
Film1952Pat and Mike
0%
TV Show1958, 1959, 1960Playhouse 90
0%
TV Show1955Public Defender
0%
TV Film1976Raid on Entebbe
0%
Film1952Red Skies of Montana
0%
TV Show1957Richard Diamond, Private Detective
0%
Film1954Riding Shotgun
0%
TV Show1960Riverboat
0%
TV Show1953Schlitz Playhouse
0%
Film1958Showdown at Boot Hill
0%
Theater1936Snickering Horses
0%
Film1971Someone Behind the Door
0%
TV Show1955Stage 7
0%
Film1976St. Ives
0%
TV Show1957Studio 57
0%
TV Show1957Studio One in Hollywood
0%
TV Show1958Sugarfoot
0%
TV Show1957Suspicion
0%
TV Show1958Tales of Wells Fargo
0%
Film1955Target Zero
0%
Film1977Telefon
0%
TV Show1956Telephone Time
0%
Film1954Tennessee Champ
0%
TV Show1956, 1962The Alfred Hitchcock Hour
0%
TV Show1960The Aquanauts
0%
TV Show1965The Big Valley
0%
TV Film1972The Bull of the West
0%
Documentary1968The City of Gods
0%
Film1953The Clown
0%
TV Show1958The Court of Last Resort
0%
TV Show1966The F.B.I.
0%
TV Show1967The Fugitive
0%
TV Show1955The Joe Palooka Story
0%
TV Show1966The Legend of Jesse James
0%
TV Show1961The Loretta Young Show
0%
TV Show1955The Man Behind the Badge
0%
Film1952The Marrying Kind
0%
TV Film1974The Meanest Men in the West
0%
TV Show1976The Mike Douglas Show
0%
TV Show1957The Millionaire
0%
Film1951The Mob
0%
TV Show1961The New Breed
0%
TV Show1957The O. Henry Playhouse
0%
Film1951The People Against O'Hara
0%
TV Show1955The Pepsi-Cola Playhouse
0%
TV Show1952The Red Skelton Hour
0%
TV Show1952The Roy Rogers Show
0%
TV Film1993The Sea Wolf
0%
TV Show1957The Sheriff of Cochise
0%
TV Show1963-1964The Travels of Jaimie McPheeters
0%
TV Show1962The Untouchables
0%
TV Show1965, 1967The Virginian
0%
TV Show1958The Walter Winchell File
0%
TV Show1957Those Whiting Girls
0%
Film1953Torpedo Alley
0%
TV Show1954, 1955Treasury Men in Action
0%
TV Show1959U.S. Marshal
0%
TV Show1965Vacation Playhouse
0%
Film1968Villa Rides
0%
TV Show1956Warner Brothers Presents
0%
TV Show1954Waterfront
0%
Film1958When Hell Broke Loose
0%
TV Show1956Wire Service
0%
Film1962X-15
0%
TV Show1959Yancy Derringer
0%
Film1970You Can't Win 'Em All
0%
Film1951You're in the Navy Now
0%

Score Distribution

Percentile by Number Answered

Percent of People with Each Score

Your Score History

You have not taken this quiz since the last reset